[Event "Niemann - Dubov m (Blitz)"]
[Site "Moscow RUS"]
[Date "2025.03.07"]
[Round "9.1"]
[White "Hans Moke Niemann"]
[Black "Daniil Dubov"]
[Result "1-0"]
[EventDate "2025.03.07"]
[WhiteElo "2734"]
[BlackElo "2701"]
[PlyCount "82"]

1. e4 e5 2. Nf3 Nc6 3. Bc4 Nf6 4. d3 Be7 5. O-O O-O 6. Re1 d6 7. a4 Be6 8. Nbd2 a5 9. b3 h6 10. Nf1 Nh7 11. c3 Ng5 12. Bxg5 Bxg5 13. d4 Bg4 14. Be2 Bxf3 15. Bxf3 Qf6 16. d5 Nb8 17. g3 Qe7 18. h4 Bf6 19. Bg4 Na6 20. Ne3 g6 21. h5 Bg5 22. Nc4 Kg7 23. Bh3 b6 24. Kg2 Nc5 25. b4 Nb7 26. Qg4 f5 27. exf5 gxf5 28. Qe2 f4 29. Qd3 Qf6 30. Bg4 axb4 31. cxb4 fxg3 32. fxg3 b5 33. axb5 Rxa1 34. Rxa1 e4 35. Qd1 Qc3 36. Be2 Be3 37. Ra3 Rf2+ 38. Kh3 Qf6 39. Nxe3 Nd8 40. Ng4 Qf5 41. Qd4+ 1-0

[Event "Aeroflot Open"]
[Site "Moscow RUS"]
[Date "2025.03.06"]
[Round "9.11"]
[White "Daniil Dubov"]
[Black "Artem Uskov"]
[Result "1-0"]
[EventDate "2025.03.01"]
[WhiteElo "2701"]
[BlackElo "2461"]
[PlyCount "80"]

1. e4 c5 2. Nf3 d6 3. Nc3 Nf6 4. Be2 a6 5. a4 e5 6. Bc4 h6 7. d3 Nc6 8. Bd2 Be7 9. h3 Rb8 10. Nh2 Nd4 11. a5 Be6 12. Ng4 Nxg4 13. hxg4 Bg5 14. f3 O-O 15. Nd5 g6 16. c3 Nc6 17. g3 Kg7 18. f4 exf4 19. gxf4 Bh4+ 20. Kf1 Rh8 21. Kg2 Bf6 22. Qf3 Kf8 23. Ba2 Bg7 24. Ne3 Bxa2 25. Rxa2 Qd7 26. Raa1 Re8 27. Nd5 Ne7 28. Nb6 Qc6 29. f5 gxf5 30. gxf5 Ng8 31. Nd5 Nf6 32. c4 Qd7 33. Nb6 Qc6 34. Rag1 Ng8 35. Nd5 Bd4 36. Kf1 Rd8 37. Qg4 Ke8 38. Bc3 Bxc3 39. bxc3 Qa4 40. Qxg8+ 1-0

[Event "Aeroflot Open"]
[Site "Moscow RUS"]
[Date "2025.03.05"]
[Round "7"]
[White "Daniil Dubov"]
[Black "Maxim Matlakov"]
[Result "1/2-1/2"]
[EventDate "2025.03.01"]
[WhiteElo "2701"]
[BlackElo "2623"]
[PlyCount "96"]

1. c4 e6 2. Nf3 d5 3. d4 Nf6 4. g3 Be7 5. Bg2 O-O 6. Qd3 c5 7. O-O cxd4 8. Nxd4 Nc6 9. cxd5 Nxd4 10. Qxd4 Nxd5 11. Rd1 Bf6 12. Qg4 Bd7 13. Nd2 Bc6 14. Ne4 Qe7 15. Nxf6+ Nxf6 16. Bg5 Bxg2 17. Kxg2 h6 18. Bxf6 Qxf6 19. Qb4 Qe5 20. Rd2 b6 21. Qe7 Qe4+ 22. f3 Qe3 23. Rad1 a5 24. Rc2 Rac8 25. Rdd2 g6 26. Qd6 b5 27. Qa6 Rxc2 28. Rxc2 b4 29. Qxa5 b3 30. axb3 Qxb3 31. Rd2 Qe3 32. Rc2 Rb8 33. Qc7 Rb3 34. Kf1 Qd4 35. Rc4 Qxb2 36. Qd8+ Kh7 37. Rc8 Qg7 38. Rc7 g5 39. Qe8 Kg6 40. Re7 Rb6 41. Kg2 Qf6 42. Qg8+ Qg7 43. Qd8 Qb2 44. Qg8+ Qg7 45. Qe8 Qf6 46. Rd7 Rb2 47. Kf1 Rb1+ 48. Kf2 Rb2 1/2-1/2

[Event "Aeroflot Open"]
[Site "Moscow RUS"]
[Date "2025.03.05"]
[Round "8"]
[White "Leya Garifullina"]
[Black "Daniil Dubov"]
[Result "1/2-1/2"]
[EventDate "2025.03.01"]
[WhiteElo "2446"]
[BlackElo "2701"]
[PlyCount "58"]

1. e4 c6 2. d4 d5 3. e5 Bf5 4. Nf3 e6 5. Be2 Nd7 6. O-O Be7 7. c3 h5 8. Ne1 Qc7 9. a4 Nh6 10. Na3 f6 11. f4 h4 12. h3 Be4 13. Bd3 Nf5 14. Bxe4 dxe4 15. Qb3 Nf8 16. Nec2 Rd8 17. Re1 Ng3 18. Be3 f5 19. Rad1 g5 20. fxg5 Rg8 21. Nc4 b6 22. Nb4 Kf7 23. Rd2 Nh7 24. Rf2 Rg6 25. Nd6+ Kg7 26. Qc4 Bxg5 27. Nxc6 Rf8 28. d5 Bxe3 29. Rxe3 Ng5 1/2-1/2

[Event "Aeroflot Open"]
[Site "Moscow RUS"]
[Date "2025.03.04"]
[Round "6"]
[White "Dmitry Bocharov"]
[Black "Daniil Dubov"]
[Result "1/2-1/2"]
[EventDate "2025.03.01"]
[WhiteElo "2535"]
[BlackElo "2701"]
[PlyCount "46"]

1. d4 Nf6 2. c4 e6 3. Nf3 b6 4. g3 Ba6 5. b3 Bb4+ 6. Bd2 Be7 7. Bg2 O-O 8. Nc3 d5 9. O-O c6 10. cxd5 cxd5 11. Rc1 Nbd7 12. a4 Bb7 13. Qc2 a6 14. Qb2 Bd6 15. Bf4 Bxf4 16. gxf4 Qe7 17. Rc2 h6 18. Rfc1 Rfc8 19. e3 Ne8 20. Ne5 Nxe5 21. fxe5 g6 22. Ne2 a5 23. Nf4 Rxc2 1/2-1/2

[Event "Aeroflot Open"]
[Site "Moscow RUS"]
[Date "2025.03.03"]
[Round "5"]
[White "Daniil Dubov"]
[Black "Savva Vetokhin"]
[Result "1/2-1/2"]
[EventDate "2025.03.01"]
[WhiteElo "2701"]
[BlackElo "2533"]
[PlyCount "192"]

1. c4 e6 2. Nc3 d5 3. d4 Nf6 4. cxd5 exd5 5. Bg5 Be7 6. e3 h6 7. Bxf6 Bxf6 8. Nf3 O-O 9. Qb3 c6 10. Bd3 Nd7 11. O-O Nb6 12. Rae1 Be6 13. Qc2 Rc8 14. Ne5 Bxe5 15. dxe5 f6 16. exf6 Qxf6 17. e4 Nd7 18. exd5 cxd5 19. Qd2 Nc5 20. Bb1 d4 21. Ne4 Nxe4 22. Rxe4 Rcd8 23. Rd1 Bf5 24. Rf4 Qe6 25. Rxd4 Rxd4 26. Bxf5 Rxf5 27. Qxd4 Qxa2 28. Qe4 Rf8 29. Qxb7 Qf7 30. Qxf7+ Rxf7 31. Kf1 a5 32. Ke2 a4 33. Ra1 Rf4 34. f3 Rh4 35. h3 Rb4 36. Ra2 Kf7 37. Kd3 Kf6 38. Kc3 Rb3+ 39. Kc2 Rb4 40. Ra3 Rd4 41. Re3 Rc4+ 42. Kb1 Rd4 43. Kc2 Rc4+ 44. Rc3 Rb4 45. Rc5 g6 46. Rc6+ Kf7 47. g3 Rb3 48. Rc3 Rb4 49. Rc7+ Kf6 50. Rc6+ Kf7 51. Ra6 Kg7 52. h4 Kf7 53. Kb1 Kg7 54. Ka2 Kf7 55. Rc6 Kg7 56. Rc3 g5 57. hxg5 hxg5 58. Re3 Kf6 59. Ka3 Rd4 60. g4 Rf4 61. Ka2 Kf7 62. Re4 Rxf3 63. Rxa4 Rf4 64. Kb3 Ke6 65. Rc4 Rf2 66. Rc5 Kf6 67. Rc6+ Ke5 68. Rc5+ Kf6 69. Kc3 Rg2 70. Rc4 Ke5 71. b4 Rg3+ 72. Kc2 Kd5 73. Rc5+ Kd4 74. Rxg5 Kc4 75. b5 Rg2+ 76. Kc1 Kc3 77. Kd1 Kd3 78. Kc1 Kc3 79. Kd1 Kd3 80. Ke1 Ke3 81. Kf1 Rb2 82. Rc5 Rb4 83. Rg5 Kf4 84. Rd5 Ke4 85. Rf5 Ke3 86. Rg5 Kf4 87. Rc5 Ke3 88. g5 Kd4 89. Rf5 Ke4 90. Rc5 Kd4 91. Rc2 Rxb5 92. g6 Ke5 93. g7 Rb8 94. g8=Q Rxg8 95. Rg2 Rxg2 96. Kxg2 1/2-1/2

[Event "Aeroflot Open"]
[Site "Moscow RUS"]
[Date "2025.03.02"]
[Round "2"]
[White "Alisa Galliamova"]
[Black "Daniil Dubov"]
[Result "0-1"]
[EventDate "2025.03.01"]
[WhiteElo "2397"]
[BlackElo "2701"]
[PlyCount "68"]

1. d4 Nf6 2. Nf3 b6 3. g3 Bb7 4. Bg2 c5 5. e3 g6 6. O-O Bg7 7. b3 cxd4 8. exd4 O-O 9. Bb2 d5 10. a4 Nc6 11. Re1 Rc8 12. Ne5 Ne4 13. Nxc6 Rxc6 14. Na3 Qd7 15. Qe2 Re6 16. Qb5 Qc7 17. Qd3 Rc8 18. Bh3 Rf6 19. f3 Ng5 20. Bg2 a6 21. Re2 Rc6 22. Rae1 Bf6 23. h4 Ne6 24. f4 Qd8 25. Bh3 Rc3 26. Bxc3 Rxc3 27. Qxc3 Bxd4+ 28. Qxd4 Nxd4 29. Re3 Qd6 30. b4 Qxb4 31. c3 Nf3+ 32. Rxf3 Qxa3 33. f5 d4 34. Rd3 dxc3 0-1

[Event "Aeroflot Open"]
[Site "Moscow RUS"]
[Date "2025.03.02"]
[Round "3"]
[White "Daniil Dubov"]
[Black "Erdem Khubukshanov"]
[Result "1-0"]
[EventDate "2025.03.01"]
[WhiteElo "2701"]
[BlackElo "2448"]
[PlyCount "88"]

1. c4 Nf6 2. Nc3 c5 3. Nf3 Nc6 4. d4 cxd4 5. Nxd4 e6 6. a3 Be7 7. e4 O-O 8. Nf3 Qa5 9. Bd3 d5 10. O-O dxc4 11. Bxc4 Rd8 12. Qe2 Ng4 13. Bf4 Nce5 14. Ba2 Ng6 15. Bg3 Bd7 16. h3 Nf6 17. Bh2 Rac8 18. e5 Ne8 19. Rfd1 Qb6 20. Bb1 Nc7 21. Be4 Be8 22. h4 Nxh4 23. Nxh4 Bxh4 24. Rd6 Rxd6 25. exd6 Nb5 26. Nxb5 Bxb5 27. Bxh7+ Kh8 28. Bd3 Bxd3 29. Qh5+ Kg8 30. Qxh4 Qxb2 31. Re1 Qd2 32. f3 Bb5 33. Bf4 Qd4+ 34. Kh2 Bd7 35. Qg3 f6 36. Re4 Qd5 37. Bh6 g5 38. Bxg5 fxg5 39. Re5 Qd2 40. Rxg5+ Kf7 41. Rg7+ Kf6 42. Rh7 Be8 43. d7 Bxd7 44. Qg7+ 1-0

[Event "Aeroflot Open"]
[Site "Moscow RUS"]
[Date "2025.03.01"]
[Round "1"]
[White "Daniil Dubov"]
[Black "Denis Khayrullin"]
[Result "1/2-1/2"]
[EventDate "2025.03.01"]
[WhiteElo "2701"]
[BlackElo "2399"]
[PlyCount "112"]

1. Nf3 d5 2. b3 c5 3. Bb2 Nc6 4. e3 a6 5. g3 d4 6. Bg2 e5 7. O-O Bd6 8. exd4 cxd4 9. c3 d3 10. Na3 Nge7 11. Nc4 Bc7 12. Re1 f6 13. a4 O-O 14. Ba3 Re8 15. Qb1 Be6 16. Nb2 Bxb3 17. Nxd3 Bf7 18. Nc5 b6 19. Ne4 Qd7 20. d4 exd4 21. a5 Nxa5 22. Nxd4 Rad8 23. Qd3 Nb3 24. Rad1 Nxd4 25. cxd4 a5 26. Rc1 Nd5 27. Bf1 Bb8 28. Qb1 Nb4 29. Bxb4 axb4 30. Qxb4 Qxd4 31. Qxd4 Rxd4 32. Nxf6+ gxf6 33. Rxe8+ Bxe8 34. Rc8 Bxg3 35. Rxe8+ Kf7 36. Rh8 Kg7 37. Rc8 Bd6 38. Kg2 Bc5 39. Re8 Kf7 40. Re1 f5 41. Kf3 Rh4 42. Kg3 Rg4+ 43. Kf3 Rb4 44. Re5 Kf6 45. Re8 Rb3+ 46. Kg2 Rb2 47. Re2 Rxe2 48. Bxe2 Ke5 49. Kf3 h5 50. h4 Be7 51. Kg3 f4+ 52. Kh3 Bc5 53. Kg2 Be7 54. Kh3 Bc5 55. Kg2 Be7 56. Kh3 Bc5 1/2-1/2

[Event "World Blitz Championship"]
[Site "New York, NY USA"]
[Date "2024.12.30"]
[Round "13.5"]
[White "R Praggnanandhaa"]
[Black "Daniil Dubov"]
[Result "0-1"]
[EventDate "2024.12.30"]
[WhiteElo "2737"]
[BlackElo "2693"]
[PlyCount "88"]

1. d4 Nf6 2. Bf4 b6 3. e3 Bb7 4. c4 d6 5. Nc3 Nbd7 6. Nf3 g6 7. Qc2 Bg7 8. Be2 O-O 9. Rd1 Qe8 10. O-O h6 11. h3 e5 12. dxe5 dxe5 13. Bh2 a6 14. Nd5 Rc8 15. Nd2 Nxd5 16. cxd5 Bxd5 17. Bxa6 Ra8 18. Bc4 c6 19. a4 Nc5 20. a5 Nd7 21. axb6 Nxb6 22. Bd3 Ra2 23. Ne4 Na4 24. Rb1 Qe6 25. Nc5 Nxc5 26. Qxc5 Rd8 27. e4 Bb3 28. Qc3 Rd4 29. Rfc1 Bf8 30. Bc2 Bxc2 31. Qxc2 c5 32. Bg3 c4 33. Ra1 Rxa1 34. Rxa1 Bb4 35. Ra8+ Kh7 36. Qa4 Bd6 37. Qc6 g5 38. Kh2 h5 39. h4 gxh4 40. Bxh4 Qg4 41. Bd8 Qf4+ 42. Kh3 Rd3+ 43. g3 Qxf2 44. Bh4 Qf1+ 0-1

[Event "World Blitz Championship"]
[Site "New York, NY USA"]
[Date "2024.12.30"]
[Round "1.6"]
[White "Daniil Dubov"]
[Black "Awonder Liang"]
[Result "0-1"]
[EventDate "2024.12.30"]
[WhiteElo "2784"]
[BlackElo "2527"]
[PlyCount "118"]

1. d4 d5 2. c4 e6 3. Nf3 Nf6 4. g3 c5 5. Bg2 cxd4 6. O-O Be7 7. cxd5 Nxd5 8. Nxd4 O-O 9. Bd2 Bf6 10. e3 Bxd4 11. exd4 Bd7 12. Nc3 Bc6 13. Qb3 Nb6 14. d5 exd5 15. Rfd1 d4 16. Be3 Bxg2 17. Rxd4 Qf6 18. Kxg2 Nc6 19. Nd5 Qg6 20. Rad1 Rfe8 21. R4d2 Nxd5 22. Qxd5 h6 23. h4 Re5 24. Qc4 Rae8 25. Rd6 Qf5 26. Qf4 Qh5 27. Qf3 Qxf3+ 28. Kxf3 Ra5 29. a3 Rb5 30. b4 a5 31. bxa5 Rxa5 32. Bc1 Rf5+ 33. Kg2 Re2 34. Bf4 Ra5 35. R1d3 Ra2 36. Rd7 R5xa3 37. Rxa3 Rxa3 38. Rxb7 Ra8 39. h5 Nd4 40. Be3 Nf5 41. Bf4 Nd4 42. Rd7 Ne6 43. Be3 Rd8 44. Rb7 Re8 45. g4 Rd8 46. Kf3 Ng5+ 47. Kg3 Ne4+ 48. Kg2 Nf6 49. Ra7 Nxg4 50. Bb6 Rd5 51. Ra4 Nf6 52. Ra8+ Kh7 53. Ra7 Kg8 54. Ra8+ Kh7 55. Ra7 Rg5+ 56. Kf1 Nd5 57. Bd4 Rf5 58. Kg2 Nf4+ 59. Kg3 Ne2+ 0-1

[Event "World Blitz Championship"]
[Site "New York, NY USA"]
[Date "2024.12.30"]
[Round "2.55"]
[White "Emil Risteski"]
[Black "Daniil Dubov"]
[Result "0-1"]
[EventDate "2024.12.30"]
[WhiteElo "2378"]
[BlackElo "2693"]
[PlyCount "114"]

1. e4 c5 2. Nf3 d6 3. d4 cxd4 4. Nxd4 Nf6 5. Bd3 g6 6. c4 Bg7 7. Nc3 O-O 8. O-O Nc6 9. Nc2 Nd7 10. Be3 Nc5 11. Qd2 Be6 12. Be2 Rc8 13. f3 Na5 14. b4 Nxc4 15. Bxc4 Bxc4 16. bxc5 Bxf1 17. Rxf1 dxc5 18. Qxd8 Rfxd8 19. Nd5 Kf8 20. Rb1 b6 21. a4 e6 22. Nf4 Bc3 23. Kf2 c4 24. Ke2 Ke8 25. h4 Ba5 26. h5 g5 27. Nh3 h6 28. f4 gxf4 29. Bxf4 Rc5 30. g4 Rd3 31. Nf2 Rb3 32. Rc1 f5 33. gxf5 exf5 34. e5 Rd5 35. Bxh6 Rxe5+ 36. Kf1 f4 37. Bxf4 Rxh5 38. Be3 Re5 39. Bf4 Rf5 40. Bg3 Bb4 41. Nd4 Rxg3 42. Nxf5 Rf3 43. Nd4 Rf4 44. Ne2 Rh4 45. Kg2 Bc5 46. Nh3 Re4 47. Nhf4 Kd7 48. Kf1 Kc6 49. Kg2 a6 50. Kf3 Re3+ 51. Kg2 b5 52. Ng3 c3 53. axb5+ axb5 54. Nfe2 b4 55. Kf1 Rf3+ 56. Ke1 Bf2+ 57. Kf1 Bxg3+ 0-1

[Event "World Blitz Championship"]
[Site "New York, NY USA"]
[Date "2024.12.30"]
[Round "3.32"]
[White "Daniil Dubov"]
[Black "Luca Jr Moroni"]
[Result "1-0"]
[EventDate "2024.12.30"]
[WhiteElo "2784"]
[BlackElo "2532"]
[PlyCount "66"]

1. d4 g6 2. e4 Bg7 3. Nf3 d6 4. Bc4 Nf6 5. Qe2 O-O 6. O-O Bg4 7. Nbd2 Nc6 8. c3 e5 9. h3 Bxf3 10. Nxf3 Re8 11. d5 Ne7 12. Bb5 Rf8 13. c4 Nh5 14. g3 h6 15. Nh4 Kh7 16. Ba4 Bf6 17. Nf3 Bg7 18. Bc2 Qd7 19. Kh2 Rae8 20. Bd2 f5 21. exf5 Nxf5 22. g4 e4 23. gxf5 Qxf5 24. Ng1 Qe5+ 25. Kh1 Qxb2 26. Rac1 Nf4 27. Qe3 Nd3 28. Bxd3 exd3 29. Qxd3 Qxa2 30. Ne2 Rf5 31. Rg1 Ref8 32. Nf4 R8f6 33. Rxg6 a5 1-0

[Event "World Blitz Championship"]
[Site "New York, NY USA"]
[Date "2024.12.30"]
[Round "4.15"]
[White "Aryan Tari"]
[Black "Daniil Dubov"]
[Result "0-1"]
[EventDate "2024.12.30"]
[WhiteElo "2629"]
[BlackElo "2693"]
[PlyCount "108"]

1. e4 c5 2. Nf3 d6 3. Bb5+ Bd7 4. Bxd7+ Qxd7 5. d4 cxd4 6. Qxd4 Nc6 7. Qd3 Rc8 8. c4 Nf6 9. Nc3 Ne5 10. Nxe5 dxe5 11. Qxd7+ Nxd7 12. b3 e6 13. Ke2 Nb8 14. Be3 Nc6 15. Na4 Ba3 16. Rad1 Ke7 17. Rd2 Rhd8 18. Rhd1 Rxd2+ 19. Rxd2 f6 20. Rd1 h5 21. h4 b6 22. Nc3 Bb4 23. Nb1 Bc5 24. Nc3 Bd4 25. Nb5 Bxe3 26. fxe3 a6 27. Nc3 Nd8 28. Na4 Rc6 29. Nb2 Nf7 30. Nd3 Rc8 31. Nb2 g5 32. Rh1 Rg8 33. hxg5 Rxg5 34. Kf3 Rg8 35. Rh4 Rd8 36. Ke2 Rg8 37. Kf3 b5 38. c5 b4 39. Nd3 a5 40. Rxh5 Ng5+ 41. Ke2 Nxe4 42. Rh7+ Kd8 43. Ra7 Rg3 44. c6 Kc8 45. Rh7 Nc3+ 46. Kf2 Ne4+ 47. Ke2 f5 48. Nxe5 Rxg2+ 49. Kd3 Rd2+ 50. Kc4 Rd5 51. Rh8+ Kc7 52. Rh7+ Kb6 53. Rb7+ Ka6 54. Nd7 Nd2# 0-1

[Event "World Blitz Championship"]
[Site "New York, NY USA"]
[Date "2024.12.30"]
[Round "5.9"]
[White "Daniil Dubov"]
[Black "Chithambaram Vr Aravindh"]
[Result "1-0"]
[EventDate "2024.12.30"]
[WhiteElo "2784"]
[BlackElo "2618"]
[PlyCount "62"]

1. d4 d5 2. Nf3 Nf6 3. c4 dxc4 4. e3 b5 5. a4 c6 6. b3 e6 7. axb5 cxb5 8. bxc4 bxc4 9. Bxc4 Bd6 10. O-O O-O 11. Ba3 a5 12. Nbd2 Bb7 13. Qb1 Ra7 14. Bd3 Bxa3 15. Rxa3 Nc6 16. Ne4 Nxe4 17. Bxe4 h6 18. Qc2 Qa8 19. Qd2 Nb4 20. Bxb7 Qxb7 21. Rfa1 Rfa8 22. h3 Qe4 23. Rc1 Qb7 24. Ne5 Rc8 25. Rc5 Rxc5 26. dxc5 Ra8 27. Qd6 Qd5 28. Qxd5 Nxd5 29. Nc4 a4 30. e4 Nb4 31. Nb6 1-0

[Event "World Blitz Championship"]
[Site "New York, NY USA"]
[Date "2024.12.30"]
[Round "6.5"]
[White "Samuel Sevian"]
[Black "Daniil Dubov"]
[Result "1/2-1/2"]
[EventDate "2024.12.30"]
[WhiteElo "2696"]
[BlackElo "2693"]
[PlyCount "170"]

1. e4 e5 2. Nf3 Nc6 3. Bc4 Nf6 4. d3 Be7 5. O-O O-O 6. Nc3 d6 7. a3 Be6 8. Nd5 a5 9. Re1 h6 10. h3 a4 11. Bd2 Qd7 12. Nxf6+ Bxf6 13. Bb5 d5 14. exd5 Qxd5 15. Bxc6 Qxc6 16. Nxe5 Bxe5 17. Rxe5 Rad8 18. Bc3 Rd5 19. Qe2 Rxe5 20. Qxe5 f6 21. Qg3 Bf7 22. Re1 Re8 23. Re3 Kh7 24. Qf4 Rxe3 25. fxe3 b6 26. e4 Qd7 27. Qg3 b5 28. Kf2 c6 29. Ke2 Bh5+ 30. Kd2 Qe7 31. Qf2 Bg6 32. g4 Qe6 33. Qf4 h5 34. Bd4 hxg4 35. hxg4 Kg8 36. g5 f5 37. Qc7 Qf7 38. Qb8+ Qf8 39. Qe5 fxe4 40. dxe4 Qf7 41. Ke3 Kh7 42. Bc3 Kg8 43. Qd6 Bh5 44. Qxc6 Qf3+ 45. Kd4 Qf2+ 46. Ke5 Qg3+ 47. Kd5 Qxg5+ 48. Kd6 Qd8+ 49. Kc5 Qe7+ 50. Kb6 Be8 51. Qd5+ Bf7 52. Qd4 Be8 53. e5 Qe6+ 54. Qd6 Kf7 55. Bd4 Qxd6+ 56. exd6 Ke6 57. Kc7 g5 58. Bf2 g4 59. Bg3 Bd7 60. b3 axb3 61. cxb3 Be8 62. Kb6 Kd5 63. Bh2 Bd7 64. Kc7 Ke6 65. Kd8 Bc6 66. Kc8 Be8 67. Bg3 Bc6 68. Kc7 Bd7 69. Kb6 Kd5 70. Ka5 Be8 71. Kb4 Bd7 72. Kc3 Be8 73. Bh2 Bd7 74. Kb4 Be8 75. a4 bxa4 76. bxa4 Kc6 77. a5 Kb7 78. Bg3 Bd7 79. Kc5 Ka6 80. Be1 Be8 81. Kd5 Bd7 82. Ke5 Bb5 83. Kf6 g3 84. Bxg3 Kxa5 85. d7 Bxd7 1/2-1/2

[Event "World Blitz Championship"]
[Site "New York, NY USA"]
[Date "2024.12.30"]
[Round "7.4"]
[White "Daniil Dubov"]
[Black "Ian Nepomniachtchi"]
[Result "1/2-1/2"]
[EventDate "2024.12.30"]
[WhiteElo "2784"]
[BlackElo "2770"]
[PlyCount "38"]

1. d4 Nf6 2. c4 e6 3. Nc3 Bb4 4. e3 O-O 5. Bd3 d5 6. a3 Bxc3+ 7. bxc3 dxc4 8. Bxc4 c5 9. Ne2 Qc7 10. Ba2 b6 11. O-O Nc6 12. Bb2 Rd8 13. c4 cxd4 14. exd4 Ba6 15. Rc1 b5 16. d5 bxc4 17. Bxc4 Bxc4 18. Rxc4 exd5 19. Rc2 1/2-1/2

[Event "World Blitz Championship"]
[Site "New York, NY USA"]
[Date "2024.12.30"]
[Round "8.7"]
[White "Andrew Tang"]
[Black "Daniil Dubov"]
[Result "0-1"]
[EventDate "2024.12.30"]
[WhiteElo "2586"]
[BlackElo "2784"]
[PlyCount "68"]

1. d4 Nf6 2. Nf3 b6 3. Bf4 Bb7 4. e3 d6 5. a4 a6 6. a5 b5 7. c4 bxc4 8. Bxc4 e6 9. Nc3 Be7 10. d5 exd5 11. Nxd5 O-O 12. Nxe7+ Qxe7 13. O-O Nbd7 14. Nd4 Nc5 15. b4 Ne6 16. Nf5 Qd7 17. Bg3 Bxg2 18. Re1 Bb7 19. Qc1 Ng5 20. Nh4 Qc6 21. Kf1 Rae8 22. Bd3 Qd7 23. Qc2 Nge4 24. Kg1 g5 25. Ng2 Nxg3 26. fxg3 Ne4 27. Rf1 Re7 28. Rac1 Rfe8 29. Bc4 Kg7 30. Qb2+ f6 31. Bd3 Re5 32. Ne1 g4 33. Ng2 Ng5 34. Nh4 Nh3# 0-1

[Event "World Blitz Championship"]
[Site "New York, NY USA"]
[Date "2024.12.30"]
[Round "11.11"]
[White "Grigoriy Oparin"]
[Black "Daniil Dubov"]
[Result "0-1"]
[EventDate "2024.12.30"]
[WhiteElo "2659"]
[BlackElo "2784"]
[PlyCount "76"]

1. e4 c5 2. Nf3 d6 3. d4 cxd4 4. Nxd4 Nf6 5. Nc3 g6 6. Be3 Nc6 7. f3 h5 8. Qd2 Nxd4 9. Bxd4 Bh6 10. Be3 Bxe3 11. Qxe3 Be6 12. Bb5+ Kf8 13. O-O Qa5 14. h3 Rc8 15. Bd3 Kg7 16. f4 Qc5 17. Qxc5 Rxc5 18. Ne2 Bc4 19. b3 Bxd3 20. cxd3 Rc2 21. Kf2 e5 22. Ke3 h4 23. Rf2 Nh5 24. a4 Rhc8 25. Raf1 f6 26. fxe5 dxe5 27. Ng1 Ng3 28. Rd1 f5 29. exf5 gxf5 30. Rxc2 Rxc2 31. d4 e4 32. d5 Kf6 33. Kd4 f4 34. d6 Ke6 35. d7 Kxd7 36. Ke5+ Ke7 37. Kxf4 Rxg2 38. Re1 Rxg1 0-1

[Event "World Blitz 2024"]
[Site "New York, NY USA"]
[Date "2024.12.30"]
[Round "12.7"]
[White "Daniil Dubov"]
[Black "Jeffery Xiong"]
[Result "1-0"]
[EventDate "2024.12.30"]
[WhiteElo "2784"]
[BlackElo "2707"]
[PlyCount "82"]

1. Nf3 d5 2. b3 Bf5 3. Bb2 e6 4. d3 h6 5. Nbd2 Nf6 6. g3 Be7 7. Bg2 O-O 8. O-O Bh7 9. c4 c6 10. Rc1 a5 11. a3 Re8 12. Rc2 Nbd7 13. Qa1 Bd6 14. Ne5 Nxe5 15. Bxe5 Bxe5 16. Qxe5 Nd7 17. Qb2 Qf6 18. Qb1 Bg6 19. h3 Qe7 20. Qb2 Nf6 21. Rfc1 Qd6 22. cxd5 exd5 23. Nf3 Nd7 24. Nd4 Qf6 25. b4 axb4 26. axb4 Ra4 27. Nf3 Qd6 28. Rb1 Rea8 29. Kh2 Bf5 30. Qc3 Ra3 31. Qd2 Qf6 32. Qf4 Be6 33. Nd4 Qe5 34. Qxe5 Nxe5 35. f4 Nxd3 36. exd3 Rxd3 37. Nxe6 fxe6 38. b5 Raa3 39. bxc6 bxc6 40. Rxc6 Re3 41. Rxe6 1-0

[Event "Tata Steel India Rapid"]
[Site "Kolkata IND"]
[Date "2024.11.15"]
[Round "8"]
[White "Magnus Carlsen"]
[Black "Daniil Dubov"]
[Result "1-0"]
[EventDate "2024.11.13"]
[WhiteElo "2831"]
[BlackElo "2693"]
[PlyCount "108"]

1. e4 c5 2. Nf3 d6 3. Bb5+ Bd7 4. Bxd7+ Qxd7 5. c4 Nc6 6. d4 cxd4 7. Nxd4 g6 8. Nc3 Bg7 9. Be3 Nf6 10. h3 O-O 11. O-O Rac8 12. b3 b6 13. Rc1 Rfe8 14. Re1 Qb7 15. Nxc6 Qxc6 16. Bd4 Nd7 17. Bxg7 Kxg7 18. Nd5 Nf6 19. Qd2 Nxd5 20. exd5 Qd7 21. Rc3 e5 22. dxe6 Rxe6 23. Rxe6 Qxe6 24. Rd3 Rd8 25. h4 h5 26. g3 Qf6 27. Kg2 Qe5 28. a4 Qe4+ 29. Kh2 Qf5 30. Kg1 Re8 31. Qc3+ Qe5 32. Qxe5+ dxe5 33. Rd7 a5 34. Rd6 Rb8 35. Kg2 Kf8 36. Rd5 Re8 37. Kf3 Re6 38. Rb5 f5 39. c5 bxc5 40. Rxa5 Rc6 41. Ke3 Kf7 42. Rb5 Ke6 43. a5 Kd6 44. Kd3 f4 45. gxf4 exf4 46. Kc4 g5 47. hxg5 h4 48. Rb8 Ke5 49. Rh8 Kf5 50. Rxh4 Kxg5 51. Rh3 Kg4 52. Rc3 f3 53. Kb5 Rf6 54. a6 1-0

[Event "Tata Steel India Rapid"]
[Site "Kolkata IND"]
[Date "2024.11.15"]
[Round "9"]
[White "Daniil Dubov"]
[Black "Vincent Keymer"]
[Result "0-1"]
[EventDate "2024.11.13"]
[WhiteElo "2693"]
[BlackElo "2733"]
[PlyCount "150"]

1. e4 e5 2. Nc3 Nf6 3. Bc4 Bb4 4. Nf3 d6 5. Nd5 Nxd5 6. Bxd5 c6 7. Bb3 Nd7 8. O-O O-O 9. d4 h6 10. Be3 Qe7 11. c3 Ba5 12. Re1 Nf6 13. Qd3 Re8 14. h3 Bc7 15. Rad1 Be6 16. c4 c5 17. d5 Bd7 18. Bc2 Ba5 19. Rf1 Rab8 20. a4 a6 21. Ra1 Nh5 22. Nd2 Qh4 23. Nf3 Qf6 24. Kh2 Nf4 25. Qd1 Kh8 26. Ng1 g5 27. g3 Rg8 28. f3 Qg6 29. Rf2 Rg7 30. Bd2 Bxd2 31. Qxd2 Rbg8 32. a5 Qh5 33. g4 Qh4 34. Qe1 h5 35. Rd2 Qxe1 36. Rxe1 Rh7 37. Bd1 Kg7 38. Re3 b5 39. axb6 Rb8 40. b3 Rxb6 41. Ra2 Kf6 42. Kg3 Ke7 43. Kf2 Kd8 44. Be2 Kc7 45. Bf1 hxg4 46. fxg4 Bxg4 47. Rg3 Bc8 48. Rxg5 Rxb3 49. Rg8 Rh6 50. Rg3 Rb1 51. Raa3 Rf6 52. Raf3 a5 53. Ne2 Rb2 54. Ke1 a4 55. Nc3 Bd7 56. Rg8 Rb3 57. Ra8 Ng2+ 58. Bxg2 Rxf3 59. Bxf3 Rxc3 60. Ra7+ Kc8 61. Kf2 a3 62. h4 Kb8 63. Ra5 f6 64. h5 Be8 65. Bg4 Kb7 66. h6 Bg6 67. Rb5+ Kc7 68. Ra5 Bxe4 69. h7 Bxh7 70. Ra7+ Kb6 71. Rxh7 a2 72. Bc8 Ra3 73. Rb7+ Ka5 74. Rb5+ Ka4 75. Bd7 a1=Q 0-1

[Event "Tata Steel India Rapid"]
[Site "Kolkata IND"]
[Date "2024.11.14"]
[Round "4"]
[White "Santosh Gujrathi Vidit"]
[Black "Daniil Dubov"]
[Result "1/2-1/2"]
[EventDate "2024.11.13"]
[WhiteElo "2739"]
[BlackElo "2693"]
[PlyCount "190"]

1. e4 e5 2. Nf3 Nc6 3. Bb5 a6 4. Ba4 Nf6 5. O-O Bc5 6. c3 O-O 7. d4 Ba7 8. Re1 b5 9. Bc2 d6 10. h3 Bb7 11. Be3 exd4 12. cxd4 Nb4 13. Nbd2 Nxc2 14. Qxc2 c5 15. d5 Re8 16. a4 Bb6 17. axb5 axb5 18. Rxa8 Bxa8 19. b4 Nd7 20. Qb2 f5 21. bxc5 Bxc5 22. Nd4 Bxd4 23. Bxd4 Nc5 24. Re3 Qd7 25. Rg3 g6 26. exf5 Qxf5 27. Qxb5 Rf8 28. Nf1 Ne6 29. Be3 Qxd5 30. Qb2 Qe5 31. Qxe5 dxe5 32. Bh6 Rc8 33. Ra3 Nd8 34. Ne3 Nf7 35. Ng4 Nxh6 36. Nxh6+ Kg7 37. Ng4 Bd5 38. Ra7+ Kh8 39. Nf6 Bg8 40. g4 g5 41. Re7 h6 42. Rxe5 Rf8 43. Ne4 Bh7 44. Nd6 Bg6 45. Re7 Rd8 46. Re6 Kg7 47. Kg2 Rf8 48. Re7+ Kf6 49. Ra7 Rb8 50. Ra6 Kg7 51. f3 Bd3 52. Ra3 Rb2+ 53. Kg3 Bf1 54. Nf5+ Kf6 55. Ne3 Bb5 56. Ra8 Rb3 57. Kf2 Rb2+ 58. Kg1 Rb1+ 59. Kg2 Rb2+ 60. Kg3 Rb3 61. Rf8+ Kg7 62. Rb8 Rxe3 63. Rxb5 Re7 64. h4 Kg6 65. Rb6+ Kg7 66. h5 Rf7 67. Rg6+ Kh7 68. Kf2 Rf8 69. Re6 Rf7 70. Ke3 Kg7 71. Rg6+ Kh7 72. Ra6 Kg7 73. Ra3 Rf4 74. Ra7+ Kg8 75. Rd7 Kh8 76. Rd4 Rf7 77. Ke4 Rf4+ 78. Ke3 Rf7 79. Rd5 Kg7 80. Rf5 Ra7 81. f4 gxf4+ 82. Kxf4 Kh7 83. Rf6 Rg7 84. Rd6 Rg5 85. Rd7+ Kh8 86. Rf7 Rg8 87. Rf5 Kh7 88. g5 Rxg5 89. Rxg5 hxg5+ 90. Kxg5 Kh8 91. h6 Kh7 92. Kh5 Kh8 93. Kg6 Kg8 94. h7+ Kh8 95. Kh6 1/2-1/2

[Event "Tata Steel India Rapid"]
[Site "Kolkata IND"]
[Date "2024.11.14"]
[Round "5"]
[White "Daniil Dubov"]
[Black "SL Narayanan"]
[Result "1/2-1/2"]
[EventDate "2024.11.13"]
[WhiteElo "2693"]
[BlackElo "2647"]
[PlyCount "62"]

1. d4 Nf6 2. c4 e6 3. Nc3 Bb4 4. g3 Nc6 5. Bg2 d6 6. Nf3 Bxc3+ 7. bxc3 Rb8 8. Qd3 b6 9. Nd2 Na5 10. Nb3 O-O 11. Nxa5 bxa5 12. c5 Bb7 13. Bxb7 Rxb7 14. O-O dxc5 15. Ba3 Qd5 16. Bxc5 Rfb8 17. c4 Qe4 18. Ba3 Qxd3 19. exd3 h6 20. Kg2 c6 21. Rfe1 Rd8 22. Rab1 Rxb1 23. Rxb1 Rxd4 24. Rb3 a4 25. Rc3 Nd7 26. Kf3 c5 27. Bc1 Rd6 28. Ra3 Ra6 29. Be3 f5 30. d4 cxd4 31. Bxd4 1/2-1/2